مكتبة جامعة عجلون الوطنية

فهرس بحث المكتبة

تعدد العقوبات في حالتي الاجتماع المادي والمعنوي للجرائم: دراسة مقارنة بين القانون الأردني والشريعة الإسلامية = Multiplicity of penalties in the Cases of the Material and Moral Meeting OF THE Crimes: A Comparative study Between Jordanian law and islamic law / (Record no. 31226)

MARC details
000 -LEADER
fixed length control field 01396nam a2200241Ii 4500
003 - CONTROL NUMBER IDENTIFIER
control field JO-AjNU
005 - DATE AND TIME OF LATEST TRANSACTION
control field 20240629101826.0
008 - FIXED-LENGTH DATA ELEMENTS--GENERAL INFORMATION
fixed length control field 230605s9999||||xx |||||||||||||| ||und||
040 ## - CATALOGING SOURCE
Original cataloging agency JO-AjNU
Language of cataloging ara
Description conventions rda
Transcribing agency JO-AjNU
041 ## - LANGUAGE CODE
Language code of text/sound track or separate title ara
050 14 - LIBRARY OF CONGRESS CALL NUMBER
Classification number K3367 2021
100 #1 - MAIN ENTRY--PERSONAL NAME
Personal name الزغول، جبريل عكاشة مصطفى
Relator term معد
9 (RLIN) 65756
245 #0 - TITLE STATEMENT
Title تعدد العقوبات في حالتي الاجتماع المادي والمعنوي للجرائم: دراسة مقارنة بين القانون الأردني والشريعة الإسلامية = Multiplicity of penalties in the Cases of the Material and Moral Meeting OF THE Crimes: A Comparative study Between Jordanian law and islamic law /
Statement of responsibility, etc. اعداد جبريل عكاشة مصطفى الزغول؛ اشراف عبدالله ماجد العكايلة
264 31 - PRODUCTION, PUBLICATION, DISTRIBUTION, MANUFACTURE, AND COPYRIGHT NOTICE
Place of production, publication, distribution, manufacture 2021
300 ## - PHYSICAL DESCRIPTION
Extent 119 ورقة
336 ## - CONTENT TYPE
Content type term text
Content type code txt
Source rdacontent
337 ## - MEDIA TYPE
Media type term unmediated
Media type code n
Source rdamedia
338 ## - CARRIER TYPE
Carrier type term volume
Carrier type code nc
Source rdacarrier
500 ## - GENERAL NOTE
General note رسالة جامعية(اطروحة ماجستير) جامعة عجلون الوطنية: كلية الحقوق، تخصص القانون، 2021
650 #4 - SUBJECT ADDED ENTRY--TOPICAL TERM
Topical term or geographic name entry element العقوبات - الجرائم المادية والمعنوية- القانون الاردني - التشريع الاسلامي
9 (RLIN) 61223
700 #1 - ADDED ENTRY--PERSONAL NAME
Personal name العكايلة ، عبدالله ماجد
9 (RLIN) 25034
Relator term مشرف
942 ## - ADDED ENTRY ELEMENTS (KOHA)
Source of classification or shelving scheme Library of Congress Classification
Koha item type Thesis
Holdings
Withdrawn status Lost status Source of classification or shelving scheme Damaged status Not for loan Home library Current library Shelving location Date acquired Total Checkouts Full call number Barcode Date last seen Price effective from Koha item type
    Library of Congress Classification     مكتبة جامعة عجلون الوطنية مكتبة جامعة عجلون الوطنية المراجع 06/06/2023   K3367 2021 A27658 06/06/2023 06/06/2023 Thesis
    Library of Congress Classification     مكتبة جامعة عجلون الوطنية مكتبة جامعة عجلون الوطنية   29/06/2024   K3367 2021 a27659 29/06/2024 29/06/2024 Thesis